000
002350000a22000970004500
100
1
_a
Fonseca, Nidia
245
1
0
_a
Ecumenismo hoy
300
_a
Vol. 18, Num 2 (Octubre, 1998), Páginas 70-77
773
0
_t
Vida y pensamiento
942
_c
ANA
999
_c
53094
_d
53094